00000000cam 2200000zi 4500
0019.958008
003CaOODSP
00520260603150152
006m     o  d f      
007cr mn|||||||||
008251205t20252025onc     ob   f000 0 eng d
020 |a9780660975955
040 |aCaOODSP|beng|erda|cCaOODSP
043 |an-cn---
0861 |aBT39-92/2025E-PDF
24500|aAccess to information and privacy implementation notice 2025-01 : |bdisclosing personal information of deceased individuals on compassionate grounds.
264 1|aOttawa, Ontario : |bTreasury Board of Canada Secretariat = Secrétariat du Conseil du trésor du Canada, |c2025.
264 4|c©2025
300 |a1 online resource (17 pages)
336 |atext|btxt|2rdacontent
337 |acomputer|bc|2rdamedia
338 |aonline resource|bcr|2rdacarrier
4900 |aATIP implementation notice ; |v2025-01
500 |aCover title.
500 |aIssued also in French under title: Avis de mise en œuvre de l'accès à l'information et de la protection des renseignements personnels 2025-01 : communication des renseignements personnels de personnes décédées pour des motifs de compassion.
500 |a"Published: 2025-11-10."
504 |aIncludes bibliographical references (pages 13-15).
650 0|aPrivacy, Right of|xGovernment policy|zCanada.
650 0|aData protection|xGovernment policy|zCanada.
7101 |aCanada. |bTreasury Board, |eissuing body.
77508|tAvis de mise en œuvre de l’accès à l’information et de la protection des renseignements personnels 2025-01 : |w(CaOODSP)9.958010
85640|qPDF|s916 KB|uhttps://publications.gc.ca/collections/collection_2026/sct-tbs/BT39-92-2025-eng.pdf
8564 |qHTML|sN/A|uhttps://www.canada.ca/en/treasury-board-secretariat/services/access-information-privacy/access-information-privacy-notices/2025-01-disclosing-personal-information-deceased-individuals-compassionate-grounds.html